000 00368cam a22001217a 4500
008 180718b2006 xxu||||| |||| 00| 0 eng d
020 _a0275985865
100 _aJohansen, Bruce E.
245 _aGlobal warming in the 21st century
_cby Bruce E. Johansen
260 _aConnecticut
_bPraeger
_c2006
300 _a275p.
500 _aContents: v.1. Our evolving climate crisis
999 _c406316
_d406316